Ballad of Songbirds and Snakes film trivia - Statistics

General Stats
  • This quiz has been taken 198 times
  • The average score is 12 of 20
Answer Stats
Hint Answer % Correct
Main character Coriolanus Snow
98%
How old the main character is 18
94%
Name of his cousin Tigris Snow
93%
Female tribute from District 12 Lucy Gray Baird
91%
Year of the Games 10
83%
Group that ^ travels with The Covey
81%
Who hosts the Games Lucky Flickerman
72%
Name of main character's friend from 2 Sejanus Plinth
67%
Actress who played female tribute from District 12 Rachel Zegler
64%
Head Gamemaker Dr. Volumnia Gaul
62%
Actor who played main character Tom Blyth
61%
Song that female tribute from District 12 sings at the reaping Nothing you can take
53%
Female tribute from 4 Coral
47%
Female tribute from District 12's old boyfriend Billy Taupe
45%
Song female tribute from District 12 sings for main character Pure as the driven snow
42%
Female tribute from 8 Wovey
41%
Who plays main character's cousin Hunter Schafer
39%
Director of the movie Francis Lawrence
24%
Name of the other District 12 tribute Jessup Diggs
21%
Release date November 17 2023
13%
No matching quizzes found
Score Distribution
Percent of People with Each Score
Percentile by Number Answered
Your Score History
You have not taken this quiz